000 00422nam a2200193Ia 4500
001 14418
003 GE_BSU
008 181216s||||||||xx |||||||||||||| ||und||
040 _cGE_BSU
080 _a821.111-94(32)
100 _aNeubert,Otto
245 4 _aThe Story of Tutankhamun
260 _aLondon
260 _bDragon
260 _c1972
300 _a159p.18p.
653 _aThe Story of Tutankhamun
942 _cBK
999 _c47554
_d47554